LEADER 00828nam 2200289 450 001 9911050128703321 005 20260319085942.0 010 $a9788815394385 100 $a20260109d2025----km y0itay50 ba 101 0 $aita 102 $aIT 105 $ay 001yy 200 1 $aRapporto 2025$ela cultura i territori$evalori modelli e strumenti per lo sviluppo delle aree interne$fItaliadecide 210 $aBologna$cil Mulino$d2025 215 $a318 p.$d24 cm 610 0 $aCittą$aAspetti sociali 676 $a307.76$v22$zita 710 01$aItaliadecide$0476824 801 0$aIT$bUNINA$gREICAT$2UNIMARC 901 $aBK 912 $a9911050128703321 952 $a307.76 ITA 1$b13324$fbfs 952 $aSOC 1219$b255/2026$fFSPBC 959 $aBFS 959 $aFSPBC 996 $aRapporto 2025$94526581 997 $aUNINA